000 00618nam a2200193Ia 4500
005 20250508155636.0
008 008 250505s9999 xx 000 0 eng d
037 _aDissertations
040 _aFEDL
_beng
_cFEDL
041 _aeng
_2eng
084 _a420.7, MOU/DI
_qFEDL
100 _aMoussavi Fakhruddin
_9765905
245 0 _aInvestigation into the attitudes of boys in higher secondary schools of Delhi towards english as a school subject
260 _c1967
300 _a57p.
546 _aM. Ed. Dissertation (Delhi University)
942 _cDIS
_h420.7, MOU/DI
999 _c1358451
_d1358451